Príklad prevodu účtovného hospodárskeho výsledku na daňový, výpočet dane z príjmov a jej rozúčtovania k 31.12.1998

Celkový hospodársky výsledok, jeho štruktúra pred zdanením. Štruktúra výpočtu dane z príjmu podľa činnosti. Výpočet splatnej dane podľa činnosti. Príklad uplatnenia odpočtu straty.

Gespeichert in:
Bibliographische Detailangaben
1. Verfasser: Vanko, Jozef
Format: Buchkapitel
Sprache:Slowakisch
Schlagworte:
Tags: Tag hinzufügen
Keine Tags, Fügen Sie das erste Tag hinzu!

MARC

LEADER 00000naa a2200000 4500
001 r034685
005 20230926080815.9
041 0 |a slo 
044 |a SK 
245 1 0 |a Príklad prevodu účtovného hospodárskeho výsledku na daňový, výpočet dane z príjmov a jej rozúčtovania k 31.12.1998  |c Jozef Vanko 
520 |a Celkový hospodársky výsledok, jeho štruktúra pred zdanením. Štruktúra výpočtu dane z príjmu podľa činnosti. Výpočet splatnej dane podľa činnosti. Príklad uplatnenia odpočtu straty. 
610 2 0 |a výsledok hospodársky 
610 2 0 |a daňovníci 
610 2 0 |a spoločnosti akciové 
610 2 0 |a zisk 
610 2 0 |a dane z príjmov 
610 2 0 |a účtovanie 
610 2 0 |a účty 
610 2 0 |a základ dane 
610 2 0 |a závierka účtovná 
610 2 0 |a 1998 
100 1 |a Vanko, Jozef